000 00956nam a2200277 i 4500
001 bg
003 BPK
005 20190723110303.0
008 971113s1987 pl a f |001 0 pol
015 _aPB 1988/953
020 _a8301065168
040 _aWA N
_cBPK
041 1 _apol
_heng
080 _a530.145
100 1 _aLibbof, Richard L.
245 1 0 _aWstęp do mechaniki kwantowej /
_cRichard L. Liboff ; [z ang. tł. Janina Jedlińska-Rećko, Perła Kacman].
246 1 _iTyt. oryg.:
_aIntroductory quantum mechanics,
_f1980.
260 _aWarszawa :
_bPańst. Wydaw. Naukowe,
_c1987.
300 _a573, [3] s. :
_bfot., rys., wykr., err. ;
_c24 cm.
504 _aIndeks.
650 4 _aMechanika kwantowa
700 1 _aKacman, Perła.
_eTł.
700 1 _aJedlińska-Rećko, Janina.
_eTł.
856 _uhttp://koha.tu.koszalin.pl/cgi-bin/koha/opac-detail.pl?biblionumber=23734
_yKatalog online BPK
942 _2UKD
_cKS
999 _c23734
_d23734